000 00348nam a2200145 i 4500
001 bg
100 1 _aJANECKI, Janusz
245 0 _aLiniowe układy scalone /
_cJanusz Janecki, Konrad Toff.
260 _aWarszawa,
_c1978.
700 1 _aTOFF, Konrad
040 _cBPK
041 _apol
942 _cKS
008 s pl f |000 0 pol
999 _c18019
_d18019
856 _uhttp://koha.tu.koszalin.pl/cgi-bin/koha/opac-detail.pl?biblionumber=18019
_yKatalog online BPK